| 000 | 00383nam a22001217a 4500 | ||
|---|---|---|---|
| 020 | _a0-19-577160-5 | ||
| 082 | _a910 MAS'N | ||
| 100 |
_aMASSAN, CHARLES _978912 |
||
| 245 | _aNARATIVE OF VARIOUS JOURNEY'SIN BALACHISTAN AFGHANISTAN AND THE PUNJAB INCLUDING A RESIDENCE IN THOSE COUNTRIES FROM 1826 TO 1838 | ||
| 260 |
_aLONDON _bRICHARD BENTON _c1974 |
||
| 300 | _aVOL- | ||
| 942 | _cBK | ||
| 999 |
_c583980 _d583980 |
||